000 00354nam a2200157Ia 4500
008 230917s9999||||xx |||||||||||||| ||und||
020 _cRS250
040 _e33933
_aMAIN
041 _aEnglish
082 _a200.1 M45D
100 _aMax Muller
245 0 _aDharm ki utpatti
260 _aJaipur
_bGranth Vikas
_c2001
300 _a238 p.
942 _cBK
999 _c92919
_d92919